Normal view
MARC view
Entry Personal Name
001 - CONTROL NUMBER
- control field: 249769
003 - CONTROL NUMBER IDENTIFIER
- control field: OSt
005 - DATE AND TIME OF LATEST TRANSACTION
- control field: 20251230143847.0
008 - FIXED-LENGTH DATA ELEMENTS
- fixed length control field: 251230|| aca||aabn | a|a d
040 ## - CATALOGING SOURCE
- Original cataloging agency: OSt
- Transcribing agency: OSt
100 ## - HEADING--PERSONAL NAME
- Personal name: Sheriff, Paul D
670 ## - SOURCE DATA FOUND
- Source citation: Work cat.: (OSt)183460: Sheriff, Paul D., Paul sheriff teaches visual basic 6 /, 1999.